000 00561cam a22002053a 4500
001 38708
003 PGUSA
005 20140828083844.0
008 120129s2012||||xxu|||||s|||||000 | eng d
040 _aPGUSA
_beng
042 _adc
100 1 _aPatrick,
_cSaint
245 1 0 _aDe Tribus Habitaculis Liber
_h[electronic resource] /
_cPatrick,
260 _bProject Gutenberg,
_c2012
506 _aPublic domain in the USA.
516 _aElectronic text
830 0 _aProject Gutenberg
_v38708
856 4 0 _uhttp://www.gutenberg.org/ebooks/38708
942 _cEB
999 _c267962
_d267962